Rethinking possession orders (Record no. 78676)

MARC details
000 -LEADER
fixed length control field 01527cab a22003135a 4500
001 - CONTROL NUMBER
control field L137618
008 - FIXED-LENGTH DATA ELEMENTS--GENERAL INFORMATION
fixed length control field 070419e20070413xxkd f g 000 0 eng d
035 ## - SYSTEM CONTROL NUMBER
System control number (Sirsi) u137618
041 0# - LANGUAGE CODE
Language code of text/sound track or separate title eng
100 1# - MAIN ENTRY--PERSONAL NAME
Personal name Holbrook, Jon
245 00 - TITLE STATEMENT
Title Rethinking possession orders
260 ## - PUBLICATION, DISTRIBUTION, ETC.
Date of publication, distribution, etc. 2007
490 #0 - SERIES STATEMENT
Series statement New Law Journal
Volume/sequential designation 157(7268) 13 April 2007, 506-507(2)
520 ## - SUMMARY, ETC.
Summary, etc. Discusses the need to take appropriate measures when residential tenants fall into rent arrears. Considers ways in which courts may seek to strike a balance between allowing reasonable time to pay and a landlord?s claim to an eviction order. Suspended possession orders, the concept of the tolerated trespasser, and no-date possession orders are described. The frequent suspension of warrants is described as undermining the court's authority in recent times. Refers to case law.
590 ## - LOCAL NOTE (RLIN)
Local note KA
650 24 - SUBJECT ADDED ENTRY--TOPICAL TERM
Topical term or geographic name entry element CATALYST COMMUNITIES HOUSING ASSOCIATION V COLEMACK
650 24 - SUBJECT ADDED ENTRY--TOPICAL TERM
Topical term or geographic name entry element DCA PRE-ACTION PROTOCOL FOR POSSESSION CLAIMS BASED ON RENT ARREARS
650 24 - SUBJECT ADDED ENTRY--TOPICAL TERM
Topical term or geographic name entry element TAJ V ALI
650 24 - SUBJECT ADDED ENTRY--TOPICAL TERM
Topical term or geographic name entry element HARLOW DC V HALL
650 24 - SUBJECT ADDED ENTRY--TOPICAL TERM
Topical term or geographic name entry element THOMPSON V ELMBRIDGE BC
650 24 - SUBJECT ADDED ENTRY--TOPICAL TERM
Topical term or geographic name entry element WHITE V KNOWSLEY HOUSING TRUST AND ANOTHER
650 24 - SUBJECT ADDED ENTRY--TOPICAL TERM
Topical term or geographic name entry element BRISTOL CITY COUNCIL V HASSAN AND ANOTHER
650 24 - SUBJECT ADDED ENTRY--TOPICAL TERM
Topical term or geographic name entry element MERTON LBC V COOK
650 24 - SUBJECT ADDED ENTRY--TOPICAL TERM
Topical term or geographic name entry element SOUTHWARK LBC V ST BRICE
651 #4 - SUBJECT ADDED ENTRY--GEOGRAPHIC NAME
Geographic name England and Wales
Chronological subdivision 1543-
690 ## - LOCAL SUBJECT ADDED ENTRY--TOPICAL TERM (OCLC, RLIN)
Topical term or geographic name as entry element PROPERTY-RESIDENTIAL PROPERTY-RESIDENTIAL LANDLORD AND TENANT-RESIDENTIAL TENANCIES-BREACHING RESIDENTIAL TENANCIES
700 1# - ADDED ENTRY--PERSONAL NAME
Personal name Billingham, Nick
942 ## - ADDED ENTRY ELEMENTS (KOHA)
Suppress in OPAC 0
Holdings
Withdrawn status Lost status Source of classification or shelving scheme Damaged status Not for loan Home library Current library Shelving location Date acquired Total Checkouts Full call number Barcode Date last seen Copy number Price effective from Koha item type
    Dewey Decimal Classification     London London Journal article 19/04/2007   L137618 137618-1001 06/08/2019 1 06/08/2019 Journal article